| 000 | 00498nam a2200181Ia 4500 | ||
|---|---|---|---|
| 008 | 210719s2007 xx 000 0 und d | ||
| 041 | _akan | ||
| 082 | _a581.69K SATK | ||
| 100 | _aSATYANARAYANA BHAT (Pi) | ||
| 245 |
_aKarnataka vishavaidya parampare _bMugulavalliya mulike chikitsegalu |
||
| 260 |
_aBengaluru _c2007 |
||
| 300 |
_a330 _bHB |
||
| 365 |
_b300 _cRs |
||
| 440 | _aMuddushri granthamale | ||
| 650 | _aBotany | ||
| 650 | _aBotany | ||
| 906 | _aKarnataka ; parampare ; vishavaidya | ||
| 999 |
_c215152 _d215152 |
||